| 000 | 01140nam0a22002891 4500 | ||
|---|---|---|---|
| 001 | rc\758193 | ||
| 005 | 20250622122245.0 | ||
| 035 | _a(NLR Aleph) 006286094 | ||
| 090 |
_a7100354 _c7100354 |
||
| 100 | _a20040301d1985 |||y0rusy50 ca | ||
| 101 | 0 | _arus | |
| 102 | _aRU | ||
| 105 | _aa ||||||||| | ||
| 200 | 1 | _aМикроэлектронные преобразователи информации на поверхностных акустических волнах | |
| 210 |
_aМ. _cИзд-во ЦНИИ "Электроника" _d1985 |
||
| 215 |
_a116 с. _cил. _d21 |
||
| 225 | 1 |
_aЗарубежная электронная техника _eСб. обзоров _fЦНИИ "Электроника" _v№ 9 (292) |
|
| 300 | _aАвт. указаны на 3 с. | ||
| 300 | _aВ надзаг. также: М-во электрон. пром-сти СССР | ||
| 320 | _aБиблиогр.: с. 114-116 | ||
| 700 | 1 |
_aКолешко _bВ.М. _gВладимир Михайлович |
|
| 701 | 1 |
_aМешков _bЮ.В. |
|
| 801 | 0 |
_aRU _bNLR _gpsbo |
|
| 801 | 1 |
_aRU _bELAR _2rusmarc |
|
| 852 |
_aNLR _jП11/2814 |
||
| 942 | _cBOOK | ||
| 980 | _aNB | ||